A carregar...
Prasthana Sapthakam
| Autor principal: | |
|---|---|
| Formato: | Printed Book |
| Publicado em: |
Kottayam
Sahithya Pravarthaka Co-Operative Society Ltd
1974
|
| Assuntos: |
| LEADER | 00528nam a2200181 4500 | ||
|---|---|---|---|
| 020 | |||
| 082 | |a 894.8124 KRI | ||
| 100 | |a Krishnan Nair, P. V. | ||
| 245 | |a Prasthana Sapthakam |h Malayalam | ||
| 250 | |||
| 260 | |a Kottayam |b Sahithya Pravarthaka Co-Operative Society Ltd |c 1974 | ||
| 300 | |a 230 P |b PB |f Book | ||
| 500 | |||
| 650 | |a Malayalam Essays | ||
| 700 | |||
| 942 | |c TB | ||
| 999 | |c 266232 |d 266232 | ||
| 952 | |0 0 |1 0 |4 0 |6 894_812400000000000_KRI |7 0 |9 282953 |a LIN |b LIN |d 2007-07-09 |l 0 |o 894.8124 KRI |p LIN5071 |r 2020-02-06 |w 2020-02-06 |y TB | ||